|
|
|
|
| LEADER |
00000nam a22000007a 4500 |
| 005 |
20150301183056.0 |
| 007 |
cr|||| |||| |
| 008 |
150301s2015 mx |||||s|||| 00||0 spa d |
| 020 |
|
|
|a 978-368-726-863-5
|
| 035 |
|
|
|a 12609
|
| 040 |
|
|
|a vLex
|
| 090 |
|
|
|c 5359
|d 5359
|
| 100 |
1 |
|
|a Martn̕ez Gutiřrez, Javier
|
| 245 |
1 |
0 |
|a Estudio Prc̀tico sobre la Balanza de Comprobacin̤ para Efectos del SAT 2015
|h [Recurso electrn̤ico] /
|c Javier Martn̕ez Gutiřrez
|
| 256 |
|
|
|a Servicio en ln̕ea
|
| 260 |
|
|
|a Mx̌ico DF:
|b Ediciones Fiscales ISEF,
|c 2015
|
| 300 |
|
|
|a 1 recurso electrn̤ico
|
| 500 |
|
|
|a Con las actuales disposiciones fiscales en donde se solicita que se lleve a cabo la contabilidad de manera electrn̤ica considerando un catl̀ogo de cuentas emitido por el SAT y enviar la balanza de comprobacin̤ a travš de Internet, dirigido a toda aquella persona que est ̌involucrada con la informacin̤ fiscal y contable a travš de estados financieros de una empresa o entidad, como pueden ser directores, gerentes, administradores, contadores.
|
| 506 |
1 |
|
|a Disponible solo en los productos indicados
|d vLex Global
|d vLex Global (Academic Edition, excluding Law Schools)
|d vLex Global (U.S. Academic Edition, Law Schools)
|d vLex Global (U.S. Academic Edition, excluding Law Schools)
|d vLex Global (Academic Edition, Law Schools)
|
| 650 |
0 |
4 |
|a Derecho Civil
|z Mx̌ico
|
| 650 |
0 |
4 |
|a Derecho Fiscal
|z Mx̌ico
|
| 740 |
0 |
|
|a vLex Libros (Servicio en ln̕ea)
|
| 856 |
4 |
0 |
|u http://vlex.com/source/estudio-practico-sobre-la-balanza-de-comprobacion-para-efectos-del-sat-2015-12609
|z Acceso restringido
|
| 942 |
|
|
|c BOOK
|
| 999 |
0 |
|
|a Civil Law
|
| 999 |
0 |
|
|a Tax Law
|